[Event "7th Tournament of Peace"]
[Site "Zagreb CRO"]
[Date "2021.10.11"]
[Round "7"]
[White "Bacrot, Etienne"]
[Black "Stevic, Hrvoje"]
[Result "0-1"]
[WhiteElo "2658"]
[BlackElo "2570"]
[EventDate "2021.10.05"]
[PlyCount "66"]

1.d4 d5 2.c4 dxc4 3.e4 Nf6 4.e5 Nd5 5.Bxc4 Bf5 6.Nc3 e6 7.Bxd5 exd5 8.Nge2
Qd7 9.O-O Nc6 10.a3 Ne7 11.b4 h5 12.Bg5 h4 13.Nf4 c6 14.b5 Ng6 15.bxc6 
bxc6 16.Nxg6 Bxg6 17.h3 Rh5 18.f4 Rb8 19.Kh2 Rb2 20.Na4 Rc2 21.Rc1 Qf5 22.
Rxc2 Qxc2 23.Qg4 Qf5 24.Rf3 Kd7 25.Rb3 Kc7 26.Qf3 f6 27.exf6 gxf6 28.Qc3 
fxg5 29.Qa5+ Kd7 30.Qxa7+ Ke6 31.Re3+ Kf6 32.fxg5+ Kxg5 33.Qb8 Qf6 0-1

[Event "7th Tournament of Peace"]
[Site "Zagreb CRO"]
[Date "2021.10.11"]
[Round "7"]
[White "Brkic, Ante"]
[Black "Movsesian, Sergei"]
[Result "1/2-1/2"]
[WhiteElo "2621"]
[BlackElo "2627"]
[EventDate "2021.10.05"]
[PlyCount "24"]

1.e4 c6 2.d4 d5 3.e5 c5 4.dxc5 e6 5.Bd3 Nd7 6.Nf3 Nxc5 7.Be2 Ne7 8.O-O Nc6
9.Be3 Nd7 10.Bf4 Be7 11.c4 dxc4 12.Qc1 b5 1/2-1/2

[Event "7th Tournament of Peace"]
[Site "Zagreb CRO"]
[Date "2021.10.11"]
[Round "7"]
[White "Inarkiev, Ernesto"]
[Black "Kozul, Zdenko"]
[Result "1/2-1/2"]
[WhiteElo "2668"]
[BlackElo "2601"]
[EventDate "2021.10.05"]
[PlyCount "66"]

1.e4 c5 2.Nf3 d6 3.d4 cxd4 4.Nxd4 Nf6 5.Nc3 a6 6.h4 h6 7.f4 e5 8.Nb3 Be7 
9.Be2 b5 10.a3 Nbd7 11.Bf3 Bb7 12.g4 Rc8 13.g5 hxg5 14.fxg5 Rxc3 15.bxc3 
Nxe4 16.Qd3 Qa8 17.Rh3 Nec5 18.Qf5 g6 19.Bxb7 Qxb7 20.Qg4 Qd5 21.Nxc5 Nxc5
22.Be3 Qe4 23.Qc8+ Bd8 24.O-O-O O-O 25.Rxd6 Nb7 26.Rd7 Qf5 27.Qxb7 Qxh3 
28.Bc5 Qxh4 29.Bxf8 Bxg5+ 30.Kb2 Qe1 31.Qc8 Qc1+ 32.Ka2 Qxc2+ 33.Ka1 Qc1+ 
1/2-1/2

[Event "7th Tournament of Peace"]
[Site "Zagreb CRO"]
[Date "2021.10.11"]
[Round "7"]
[White "Palac, Mladen"]
[Black "Kovalenko, Igor"]
[Result "1/2-1/2"]
[WhiteElo "2517"]
[BlackElo "2647"]
[EventDate "2021.10.05"]
[PlyCount "126"]

1.e4 e5 2.Nf3 Nc6 3.Bb5 a6 4.Ba4 Nf6 5.O-O Be7 6.d3 d6 7.c3 O-O 8.Re1 Re8 
9.h3 Bf8 10.Bg5 h6 11.Bh4 b5 12.Bc2 g5 13.Bg3 g4 14.hxg4 Bxg4 15.Nbd2 Nh5 
16.Nf1 Qf6 17.N1h2 Bd7 18.Nh4 Qg5 19.Qf3 Ne7 20.Bb3 Be6 21.Nf1 a5 22.Ne3 
a4 23.Bc2 Bg7 24.a3 Kh8 25.Rad1 Rg8 26.d4 Raf8 27.d5 Bd7 28.Nhf5 Nxf5 29.
Nxf5 Bxf5 30.Qxf5 Qg6 31.Qxg6 fxg6 32.Bd3 Rb8 33.Kh2 Bf6 34.f3 Nxg3 35.
Kxg3 h5 36.Rh1 Kg7 37.Kf2 Rgf8 38.Ke2 Kf7 39.Rdg1 Rh8 40.g3 g5 41.g4 h4 
42.Rd1 Ke7 43.Kf2 Kd7 44.Kg2 Rhc8 45.Be2 Bd8 46.Rd3 c5 47.dxc6+ Rxc6 48.
Rhd1 Ke7 49.Rd5 Rcb6 50.R1d2 Bc7 51.Kh3 R8b7 52.Kg2 Bb8 53.Bf1 Bc7 54.Be2 
Rb8 55.Rd1 Ke6 56.R1d2 Bd8 57.Rd1 Bf6 58.Bf1 R8b7 59.Be2 Kd7 60.Rc5 Ke6 
61.Rc8 Kd7 62.Rc5 Ke6 63.Rc8 Kd7 1/2-1/2

[Event "7th Tournament of Peace"]
[Site "Zagreb CRO"]
[Date "2021.10.11"]
[Round "7"]
[White "Zelcic, Robert"]
[Black "Bosiocic, Marin"]
[Result "0-1"]
[WhiteElo "2522"]
[BlackElo "2573"]
[EventDate "2021.10.05"]
[PlyCount "76"]

1.e4 c5 2.Nf3 e6 3.Nc3 Nc6 4.d4 cxd4 5.Nxd4 Qc7 6.Be3 a6 7.Bd3 b5 8.Nxc6 
Qxc6 9.O-O Bb7 10.Re1 Nf6 11.Bg5 Bd6 12.Qf3 Be5 13.Nd1 Qc7 14.Qh3 h5 15.a4
b4 16.c3 bxc3 17.bxc3 Ng4 18.g3 Bxc3 19.Nxc3 Qxc3 20.Be2 Qc5 21.Bxg4 Qxg5 
22.Bf3 Qe5 23.Qf1 h4 24.Qc4 Bc6 25.Bg2 hxg3 26.hxg3 g5 27.Rab1 a5 28.Rb6 
Ke7 29.Qc1 Rh5 30.Qa3+ Kf6 31.Qe3 g4 32.Qf4+ Qxf4 33.gxf4 e5 34.f5 Kg5 35.
Rd1 Bxa4 36.Rd5 Kf4 37.Rdd6 Bc6 38.Rf6 Rh7 0-1

[Event "7th Tournament of Peace"]
[Site "Zagreb CRO"]
[Date "2021.10.12"]
[Round "8"]
[White "Inarkiev, Ernesto"]
[Black "Palac, Mladen"]
[Result "1-0"]
[WhiteElo "2668"]
[BlackElo "2517"]
[EventDate "2021.10.05"]
[PlyCount "77"]

1.e4 c5 2.Nf3 d6 3.d4 cxd4 4.Nxd4 Nf6 5.Nc3 a6 6.Be3 e5 7.Nb3 Be6 8.f3 Be7
9.Qd2 O-O 10.O-O-O Nbd7 11.g4 b5 12.g5 Nh5 13.Nd5 Bxd5 14.exd5 f6 15.gxf6 
Bxf6 16.Na5 Nf4 17.c4 bxc4 18.Bxc4 Qe8 19.Kb1 Bd8 20.Rhg1 Bb6 21.Rc1 Qh5 
22.Bxb6 Nxb6 23.Bb3 Qxf3 24.Qb4 Qf2 25.Rgd1 Nc8 26.a3 Ne2 27.Rc2 Qf3 28.
Qb7 Nd4 29.Rxd4 Ra7 30.Qxc8 Rxc8 31.Rxc8+ Kf7 32.Rb4 Qf5+ 33.Rc2 e4 34.Nb7
Qd7 35.Ba4 Qe7 36.Bc6 e3 37.Re4 Qf6 38.Rxe3 g6 39.Re6 1-0

[Event "7th Tournament of Peace"]
[Site "Zagreb CRO"]
[Date "2021.10.12"]
[Round "8"]
[White "Kovalenko, Igor"]
[Black "Brkic, Ante"]
[Result "1-0"]
[WhiteElo "2647"]
[BlackElo "2621"]
[EventDate "2021.10.05"]
[PlyCount "99"]

1.d4 Nf6 2.c4 e6 3.Nc3 Bb4 4.Nf3 O-O 5.e3 d5 6.Bd2 b6 7.cxd5 exd5 8.Rc1 
Bb7 9.Bd3 a6 10.Ne5 Bd6 11.O-O c5 12.f4 Nc6 13.Ne2 Rc8 14.Bc3 c4 15.Bb1 
Ne7 16.Ng3 Ne4 17.Qg4 f5 18.Qh3 b5 19.Be1 Qe8 20.Nh5 Kh8 21.Kh1 b4 22.Rg1 
g6 23.Ng3 a5 24.Nxe4 fxe4 25.Bc2 Rc7 26.Bd1 Bc8 27.g4 Bxe5 28.fxe5 g5 29.
Qh6 Rg8 30.Qb6 Rb7 31.Qxa5 Be6 32.Rc2 Rf8 33.Rf2 Rxf2 34.Bxf2 Nc6 35.Qc5 
Ra7 36.Be1 Rxa2 37.Rf1 Kg7 38.Bxb4 Rxb2 39.Rf8 Qe7 40.Qxe7+ Nxe7 41.Bxe7 
c3 42.Rf1 h5 43.Bf8+ Kh7 44.Ba3 Ra2 45.Bc1 Ra1 46.Be2 hxg4 47.Kg2 Ra2 48.
Re1 Kg6 49.Kg3 Bd7 50.Bd1 1-0

[Event "7th Tournament of Peace"]
[Site "Zagreb CRO"]
[Date "2021.10.12"]
[Round "8"]
[White "Kozul, Zdenko"]
[Black "Bosiocic, Marin"]
[Result "1-0"]
[WhiteElo "2601"]
[BlackElo "2573"]
[EventDate "2021.10.05"]
[PlyCount "75"]

1.d4 Nf6 2.Nf3 e6 3.c4 b6 4.a3 Bb7 5.Nc3 Ne4 6.Nxe4 Bxe4 7.Nd2 Bb7 8.e4 g6
9.Bd3 Bg7 10.Nf3 d6 11.Bg5 Qc8 12.Qd2 h6 13.Be3 Nd7 14.O-O Nf6 15.d5 Ng4 
16.Bd4 e5 17.Bc3 O-O 18.b4 c5 19.a4 f5 20.Nh4 fxe4 21.Nxg6 Rf7 22.Bxe4 Nf6
23.Bd3 cxb4 24.Bxb4 e4 25.Be2 Nxd5 26.cxd5 Bxa1 27.Rxa1 Qf5 28.Qxh6 Qf6 
29.Ne7+ Qxe7 30.Bc3 Rh7 31.Qg6+ Kf8 32.Bd2 Qe5 33.Bh6+ Rxh6 34.Qxh6+ Ke7 
35.Qh4+ Kf7 36.Rc1 Rh8 37.Rc7+ Ke8 38.Bb5+ 1-0

[Event "7th Tournament of Peace"]
[Site "Zagreb CRO"]
[Date "2021.10.12"]
[Round "8"]
[White "Movsesian, Sergei"]
[Black "Bacrot, Etienne"]
[Result "1/2-1/2"]
[WhiteElo "2627"]
[BlackElo "2658"]
[EventDate "2021.10.05"]
[PlyCount "53"]

1.e4 e5 2.Nf3 Nc6 3.Bb5 Nf6 4.O-O Nxe4 5.Re1 Nd6 6.Nxe5 Be7 7.Bf1 Nxe5 8.
Rxe5 O-O 9.d4 Bf6 10.Re1 Re8 11.Bf4 Rxe1 12.Qxe1 Ne8 13.c3 d5 14.Bd3 g6 
15.Nd2 Ng7 16.Nf3 Bf5 17.Bxf5 Nxf5 18.Qe2 c6 19.Re1 Ng7 20.Be5 Bxe5 21.
Nxe5 Qd6 22.Qf3 f6 23.Nd3 Re8 24.Rxe8+ Nxe8 25.Qe3 Kf7 26.Qh6 Kg8 27.Qe3 
1/2-1/2

[Event "7th Tournament of Peace"]
[Site "Zagreb CRO"]
[Date "2021.10.12"]
[Round "8"]
[White "Stevic, Hrvoje"]
[Black "Zelcic, Robert"]
[Result "1/2-1/2"]
[WhiteElo "2570"]
[BlackElo "2522"]
[EventDate "2021.10.05"]
[PlyCount "31"]

1.e4 c6 2.d4 d5 3.Nc3 dxe4 4.Nxe4 Nd7 5.Nf3 Ngf6 6.Nxf6+ Nxf6 7.c3 Bg4 8.
h3 Bxf3 9.Qxf3 Qd5 10.Be2 Qxf3 11.Bxf3 O-O-O 12.O-O e6 13.Bg5 Be7 14.Rfe1 
h6 15.Bxf6 Bxf6 16.g3 1/2-1/2

[Event "7th Tournament of Peace"]
[Site "Zagreb CRO"]
[Date "2021.10.13"]
[Round "9"]
[White "Bacrot, Etienne"]
[Black "Kovalenko, Igor"]
[Result "1/2-1/2"]
[WhiteElo "2658"]
[BlackElo "2647"]
[EventDate "2021.10.05"]
[PlyCount "27"]

1.Nf3 d5 2.g3 Nd7 3.d4 Nb6 4.Bg2 Bf5 5.O-O e6 6.Nbd2 c6 7.c4 a5 8.b3 h6 9.
Bb2 Nf6 10.Ne5 Be7 11.f3 Bh7 12.e4 c5 13.exd5 exd5 14.f4 1/2-1/2

[Event "7th Tournament of Peace"]
[Site "Zagreb CRO"]
[Date "2021.10.13"]
[Round "9"]
[White "Bosiocic, Marin"]
[Black "Stevic, Hrvoje"]
[Result "1/2-1/2"]
[WhiteElo "2573"]
[BlackElo "2570"]
[EventDate "2021.10.05"]
[PlyCount "67"]

1.e4 e5 2.Nf3 Nc6 3.Bb5 a6 4.Ba4 Nf6 5.d3 d6 6.c3 g6 7.O-O Bg7 8.Re1 O-O 
9.h3 Nb8 10.d4 Nbd7 11.Nbd2 b5 12.Bc2 Bb7 13.Nb3 c5 14.dxe5 dxe5 15.c4 
bxc4 16.Nbd2 Nb6 17.Qe2 Ne8 18.a4 Nd6 19.a5 Nbc8 20.Nxc4 Nxc4 21.Qxc4 Nd6 
22.Qe2 Nb5 23.Bd3 Qd7 24.Be3 Nd4 25.Bxd4 exd4 26.Rac1 Rfc8 27.e5 Rc7 28.e6
Qxe6 29.Qxe6 fxe6 30.Rxe6 Bxf3 31.gxf3 Kf8 32.b4 Bh6 33.Rc2 Rac8 34.bxc5 
1/2-1/2

[Event "7th Tournament of Peace"]
[Site "Zagreb CRO"]
[Date "2021.10.13"]
[Round "9"]
[White "Brkic, Ante"]
[Black "Inarkiev, Ernesto"]
[Result "1/2-1/2"]
[WhiteElo "2621"]
[BlackElo "2668"]
[EventDate "2021.10.05"]
[PlyCount "33"]

1.e4 e5 2.Nf3 Nc6 3.Bb5 Nf6 4.O-O Nxe4 5.d4 Nd6 6.Bxc6 dxc6 7.dxe5 Nf5 8.
Qxd8+ Kxd8 9.Nc3 Ke8 10.h3 h5 11.Bg5 Be6 12.Ne2 Bd5 13.Nfd4 Nxd4 14.Nxd4 
Be7 15.Bxe7 Kxe7 16.Rad1 g6 17.b3 1/2-1/2

[Event "7th Tournament of Peace"]
[Site "Zagreb CRO"]
[Date "2021.10.13"]
[Round "9"]
[White "Palac, Mladen"]
[Black "Kozul, Zdenko"]
[Result "1/2-1/2"]
[WhiteElo "2517"]
[BlackElo "2601"]
[EventDate "2021.10.05"]
[PlyCount "25"]

1.e4 c5 2.Nf3 d6 3.Bb5+ Bd7 4.Bxd7+ Nxd7 5.O-O Ngf6 6.Re1 e6 7.b3 Be7 8.
Bb2 O-O 9.c4 a6 10.d4 cxd4 11.Nxd4 Rc8 12.Nc3 Qa5 13.Rc1 1/2-1/2

[Event "7th Tournament of Peace"]
[Site "Zagreb CRO"]
[Date "2021.10.13"]
[Round "9"]
[White "Zelcic, Robert"]
[Black "Movsesian, Sergei"]
[Result "1/2-1/2"]
[WhiteElo "2522"]
[BlackElo "2627"]
[EventDate "2021.10.05"]
[PlyCount "33"]

1.e4 c5 2.Nf3 e6 3.d4 cxd4 4.Nxd4 Nc6 5.Be2 Nf6 6.Nc3 d6 7.O-O Be7 8.Kh1 
O-O 9.f4 a6 10.a4 Qc7 11.Be3 Re8 12.Bf3 Nxd4 13.Qxd4 e5 14.Qd2 exf4 15.
Bxf4 Be6 16.Rfd1 Red8 17.a5 1/2-1/2